Olivia Rodrigo - Devine la chanson sans indices #17 - Statistiques

Statistiques générales
  • Ce quiz a été pris 110 fois
  • Le résultat moyen est 169 sur 262
Statistiques - réponses
Paroles % Correct
I
99%
a
96%
you
94%
You
94%
you,
94%
love
86%
me
83%
me,
83%
me?
83%
Do
81%
do
81%
the
79%
and
78%
And
78%
want
77%
hate
76%
your
76%
back
74%
it
74%
1
73%
on
72%
to
72%
No,
71%
step
71%
don't
69%
of
69%
forward
68%
I'm
68%
3
67%
it's
67%
It's
67%
steps
67%
boy
65%
boy?
65%
Boy,
65%
Boy
65%
life
65%
understand
65%
All
64%
all
64%
so
64%
always
63%
make
62%
but
59%
mad
59%
in
58%
is
58%
was
58%
am
56%
Am
56%
did
56%
until
56%
'Cause
55%
were
55%
Just
54%
that
54%
some
53%
ask
51%
how
51%
Like,
51%
something
50%
wrong?
50%
today
49%
today?
49%
Called
47%
I've
47%
phone
47%
get
46%
ever
45%
normally
45%
say
45%
speak
45%
this
45%
got
44%
pretty?
44%
up
41%
give
40%
had
40%
kind
38%
cryin'?
37%
everything
37%
forth,
36%
head,
36%
I'd
36%
or
36%
over
36%
said
36%
Yeah,
36%
find
35%
maybe
35%
much
35%
way
35%
fucked
33%
fun,
33%
lover
33%
power
33%
will
33%
Will
33%
fault
32%
instead
32%
Never
32%
Somehow
32%
which
32%
door
31%
exciting
31%
home
31%
still
31%
goin'
29%
coaster
28%
send
28%
walk
28%
myself
27%
nerve
27%
roller
27%
stuff
27%
kinda
26%
leave
26%
masochistic
24%
struck
23%
doubted
22%
Aucun quiz correspondant
Distribution des résultats
% des personnes avec chaque résultat
Percentile par nombre de réponses
Votre historique - résultats
Vous n’avez pas pris ce quiz